000 00920nam a22002177a 4500
001 6677
003 FISKH
005 20250520115544.0
008 250520b cb ||||| |||| 00| 0 eng d
020 _a9789996377235
040 _aFISKH
_beng
_cFISKH
_dFISKH
082 _a400
100 _aMeakphal, Hem
245 _aKhmer Phrase Book :
_bEveryday Phrases Mini-dictionary /
_cText by Hem Meakphal
250 _aFirst publication, 2005
260 _aPhnom Penh :
_bSantepheap Printing House ,
_c2005.
300 _a188 pags :
_billustrations ;
_c15 cm .
520 _aThe Khmer Phrase Book is a practical language guide designed for travelers, expats, or anyone interested in learning basic Khmer (Cambodian). It provides essential vocabulary, commonly used expressions, and pronunciation tips to help users communicate effectively in everyday situations across Cambodia.
942 _2ddc
_cKHB
_n0
999 _c6677
_d6677